| 000 | 01003cam a22002895a 4500 | ||
|---|---|---|---|
| 006 | m||||f |||| 00| 0 | ||
| 008 | 110706s2006 maua frb 001 0 eng d | ||
| 010 | _a 2005000842 | ||
| 020 | _a0071244581 | ||
| 020 | _a9780071244589 | ||
| 040 |
_aEG-ScBUE _beng _cEG-ScBUE |
||
| 082 | 0 | 4 |
_a621.382 _bKAS _222 |
| 100 | 1 |
_aKasap, S. O. _926172 |
|
| 245 | 1 | 0 |
_aPrinciples of Electronic Materials and Devices / _cS.O. Kasap. |
| 250 | _a3rd ed. | ||
| 260 |
_aBoston : _bMcGraw-Hill, _cc.2006. |
||
| 300 |
_axiii, 874 p. : _bill. ; _c24 cm. + _e1 CD-ROM (4 3/4 in.) |
||
| 500 | _aIndex: p. 864-874. | ||
| 504 | _aIncludes bibliographical references. | ||
| 590 | _aMohamed Hussein | ||
| 650 | 0 |
_aElectric engineering _xMaterials. _926173 _2BUEsh |
|
| 650 | 0 |
_aElectric apparatus and appliances. _926174 _2BUEsh |
|
| 651 | _2BUEsh | ||
| 653 |
_bENGELC _cAugust2015 |
||
| 856 | 4 | 1 |
_3Table of contents _uhttp://www.loc.gov/catdir/toc/ecip056/2005000842.html |
| 942 |
_cBB _k621.382KAS _2ddc |
||
| 999 |
_c5344 _d5344 |
||